Welcome to the Holygrace Academy Library

Please use search bar below to get started

32 THIRD GRADERS AND ONE CLASS BUNNY (Record no. 3028)

MARC details
000 -LEADER
fixed length control field 00316nam a22001337a 4500
020 ## - INTERNATIONAL STANDARD BOOK NUMBER
ISBN 978-0-7432-7239-1
082 ## - DEWEY DECIMAL CLASSIFICATION NUMBER
Classification number 823
Item number DON/T
100 ## - MAIN ENTRY--AUTHOR NAME
Personal name DONE, PHILLIP
245 ## - TITLE STATEMENT
Title 32 THIRD GRADERS AND ONE CLASS BUNNY
260 ## - PUBLICATION, DISTRIBUTION, ETC. (IMPRINT)
Place of publication NEW YORK
Name of publisher TOUCHSTONE
Year of publication 2005
300 ## - PHYSICAL DESCRIPTION
Number of Pages 288
650 ## - SUBJECT ADDED ENTRY--TOPICAL TERM
Topical Term NOVEL
Geographic subdivision UNITED STATES
942 ## - ADDED ENTRY ELEMENTS (KOHA)
Koha item type Books
Holdings
Withdrawn status Lost status Collection code Home library Current library Shelving location Date acquired Source of acquisition Full call number Accession Number Koha item type
    Fiction Main Library Main Library SHELF-14D- ALPHABETICAL -D--ENGLISH NOVELS & FICTIONS 28/01/2019 purchase 823 DON/T 10732 Books